000
00296nam a22001337a 4500
008
170526b xxu||||| |||| 00| 0 eng d
020
_a
0700224971
041
_a
eng
080
_2
2ND
_a
626
100
_a
25
101
_a
IM
245
_a
INTRODUCTION TO HYDROLOGY
_c
VIESSMAN,W
942
_2
udc
_c
BK
999
_c
14350
_d
14350